| 000 | 00873cam a2200253 a 4500 | ||
|---|---|---|---|
| 999 |
_c2372 _d2372 |
||
| 001 | 3666 | ||
| 003 | BD-DhUAP | ||
| 005 | 20210128163327.0 | ||
| 008 | 200223s2001 sz e 000 0 eng d | ||
| 020 | _a3764362758 | ||
| 020 | _a0817662758 | ||
| 035 | _a(OCoLC)ocm46657870 | ||
| 040 |
_aOHX _beng _cOHX _dCUS _dBD-DhUAP |
||
| 082 | 0 | 0 |
_a720.92 REN _221 |
| 245 | 1 | 0 |
_aRenzo Piano--Fondation Beyeler : _ba home for art. |
| 250 | _a2nd ed. | ||
| 260 |
_aBerlin : _bBirkhauser, _cc2001. |
||
| 300 |
_a149 pages : _billustrations ; _c25 cm. |
||
| 650 | 0 |
_aArt museums _zSwitzerland _zRiehen _xDesign and construction. |
|
| 650 | 0 |
_aArchitecture _zSwitzerland _zRiehen _xHistory _y20th century. |
|
| 710 | 2 | _aThe Fondation Beyeler. | |
| 942 |
_2ddc _cBK |
||